00000000nam 2200000za 4500
0019.613075
003CaOODSP
00520250219111402
007ta
008150406|1996||||xxc|||||     f|0| 0 eng d
020 |a0-662-24670-5
022 |a1205-1616
040 |aCaOODSP|beng
043 |an-cn---
0861 |aR71-49/4-4E
1102 |aNorthern River Basins Study (Canada)‏.
24510|aNutrient enrichment in the Peace, Athabasca and Slave rivers : |bassessment of present conditions and future trends / |cby P. A. Chambers.
260 |aEdmonton - Alberta : |bNorthern River Basins Study |c1996.
300 |aix, 107p. : |bfigs., graphs, references, tables ; |c28 cm.
4901 |aSynthesis report|x1205-1616|vNo. 4
500 |a"The aim of this report is to address the Northern River Basins Study (NRBS) question: "Are the substances added to the rivers by natural and man-made discharges likely to cause deterioration of the water quality?" In this report, the word "substances" is taken to mean nutrients or, more specifically, nitrogen and phosphorus."--Introduction.
5203 |aThe aim of this report is to address the Northern River Basins Study (NRBS) question: Are the substances added to the rivers by natural and man-made discharges likely to cause deterioration of the water quality? In this report, the word substances is taken to mean nutrients or, more specifically, nitrogen and phosphorus.--Introduction
563 |aSoftcover
590 |a96-29|b1996-07-19
69007|aWater quality|2gcpds
7201 |aChambers, P. A.
7760#|tNutrient enrichment in the Peace, Athabasca and Slave Rivers : |w(CaOODSP)9.945754
830#0|aSynthesis report,|x1205-1616|vNo. 4|w(CaOODSP)9.514882